The marketing of Stoneridge, Eco Majestic, Semenyih, Selangor

Bibliographic Details
Main Authors: Sri Azra Attan (Author), Mohamad Hafizuddin Mohd Hanaffi (Author), Mohamed Seth Akil (Author), Nurhayati Ibrahim (Author)
Format: Book
Language:English
Subjects:

MARC

LEADER 00000cam a2200000 7i4500
001 0000029377
005 20251128.0
008 210924 my a eng
040 |a INS   |b eng   |c INS   |e rda 
090 0 0 |a IP85 
100 1 |a Sri Azra Attan, ,   |e author. 
245 1 4 |a The marketing of Stoneridge, Eco Majestic, Semenyih, Selangor   |c Sri Azra Attan, Nurhayati Ibrahim, Mohamed Seth Akil, Mohamad Hafizuddin Mohd Hanaffi 
264 0 |c 2021 
300 |a 1 volume ( various pagings ) :   |b illustration, colour, picture ;   |c 30 cm. 
336 |a text  |2 rdacontent 
337 |a unmediated  |2 rdamedia 
338 |a volume  |2 rdacarrier 
500 |a Integrated Project 
500 |a Laporan disediakan bagi memenuhi keperluan untuk dianugerahkan Sijil Agensi Harta Tanah dari Institut Penilaian Negara 
650 0 |a Housing   |x Marketing 
650 0 |a Real estate agents 
700 1 |a Mohamad Hafizuddin Mohd Hanaffi, ,   |e author. 
700 1 |a Mohamed Seth Akil, ,   |e author. 
700 1 |a Nurhayati Ibrahim, ,   |e author. 
999 |a IP00000091   |b BOOK   |c Thesis   |e Default branch